Asamiya katha cayan (Record no. 4156)

MARC details
000 -LEADER
fixed length control field 00559cam a2200205ua 4500
001 - CONTROL NUMBER
control field 4344
005 - DATE AND TIME OF LATEST TRANSACTION
control field 20260515113822.0
008 - FIXED-LENGTH DATA ELEMENTS--GENERAL INFORMATION
fixed length control field 111223n ii |||gr||||Z||||||asm
040 ## - CATALOGING SOURCE
Transcribing agency MAIN
082 ## - DEWEY DECIMAL CLASSIFICATION NUMBER
Classification number 891.451
100 ## - MAIN ENTRY--PERSONAL NAME
Personal name Bora, Mahendra,
Relator term Editor.,
245 11 - TITLE STATEMENT
Title Asamiya katha cayan
Statement of responsibility, etc. ed. by Mahendra Bora
250 ## - EDITION STATEMENT
Edition statement 3rd.
260 ## - PUBLICATION, DISTRIBUTION, ETC.
Place of publication, distribution, etc. Dibrugarh:
Name of publisher, distributor, etc. University co-ordinator committee, Dibrugarh,9787.
300 ## - PHYSICAL DESCRIPTION
Extent 348p:
Dimensions 23cm.
653 ## - INDEX TERM--UNCONTROLLED
Uncontrolled term Assamese text
653 ## - INDEX TERM--UNCONTROLLED
Uncontrolled term Asamiya katha cayan
700 ## - ADDED ENTRY--PERSONAL NAME
Personal name Bezboraoa, Lakshminath,
Relator term Editor.,
942 ## - ADDED ENTRY ELEMENTS (KOHA)
Koha item type Books
Holdings
Withdrawn status Lost status Damaged status Not for loan Home library Current library Shelving location Date acquired Total checkouts Full call number Barcode Date last seen Copy number Price effective from Koha item type
        Naharkatiya College Library Naharkatiya College Library General stacks 09/19/2020   891.451 | ASA 7060 09/19/2020 1 09/19/2020 Books